Responses for Show #2851 - Monday, January 13, 1997

Paul Gutowski game 2.

Contestants

[<< previous game]

Scott Miskimon, an attorney from Raleigh, North Carolina

Marlene Reiss, a product developer and designer from New York City, New York

Paul Gutowski, a substance abuse counselor from Rockford, Illinois (whose 1-day cash winnings total $14,401)

[next game >>]

Jeopardy! Round responses

THE CONTINENTS
THE MOVIES
JAPANESE FOOD
EARLY AMERICA
PEOPLE
"HOUSE" & "HOME"
    $100 1
North America

Paul
    $100 6
(M: What is "Hook?")

"Pocahontas"

MarleneScott
    $100 16
Tofu

Paul
    $100 11
Turkeys

Marlene
    $100 17
Al Gore

Scott
    $100 22
Homestretch

Scott
    $200 2
Europe

Paul
    $200 7
Julie Newmar

Paul
    $200 27
(P: What is a wedding?)

The Tea Ceremony

PaulMarlene
    $200 12
(M: What is the Mayflower?)
(P: What is the James Company?)

The Plymouth Company (The Virginia Company of Plymouth)

PaulMarlene
Triple Stumper
    $200 18
Frank Sinatra

Paul
    $200 23
(M: What is HBO?)
(we have about a minute left...)

Home Box Office

MarleneScott
    $300 3
Africa

Paul
    $300 8
"The Rock"

Paul
    $300 28
[The end-of-round signal sounds.]
(Alex: Oooh, that does it. We'll leave the rest of the Japanese food on the table!)

tempura

Paul
    $300 13
Maryland

Scott
    $300 19
Peter Jennings

Marlene
    $300 24
The Homestead Act

Paul
    $400 4
Australia

Marlene
    $400 9
The Phantom

Paul
    $400 14
Georgia

Marlene
    $400 20
F. Lee Bailey

Scott
    $400 25
House of Cards

Triple Stumper
    $500 5
(M: What is Asia?)

South America

MarleneScott
    $500 10
"The Birdcage"

Paul
    $500 15
Dutch

Marlene
    $500 21
Steve Forbes

Paul
    $500 26
"All The Way Home"

Triple Stumper

Scores at the first commercial break (after clue 15):

Paul Marlene Scott
$1,800 $600 $900

Scores at the end of the Jeopardy! Round:

Paul Marlene Scott
$3,000 $900 $1,700

Double Jeopardy! Round responses

CITY FOUNDERS
1996
SCIENTISTS
BALLET
ISRAEL
LITERARY ALLUSIONS
    $200 1
Helsinki

Paul
    $200 6
Indianapolis 500

Paul
    $200 21
Albert Einstein

Paul
    $200 24
"A Streetcar Named Desire"

Marlene
    $200 11
(S: What is the Dead Sea?)
(P: What is the Sea of Galilee?)

The Mediterranean Sea

PaulMarleneScott
    $200 16
The White Rabbit

Triple Stumper
    $400 2
Carthage

Marlene
    $400 7
Tyrannosaurus Rex

Marlene
    $400 22
(M: Who is Mendel?)
(and we have a minute to go....)

Luther Burbank

Marlene
Triple Stumper
    $400 12
(M: What are tabbouleh?)
(P: What are matzo?)

Falafel

PaulMarlene
Triple Stumper
    $400 17
Madame Bovary

Paul
    $1,000 3
(M: What is Monroeville?)

Monrovia, Liberia

Marlene
    $600 8
Bob Dole

Marlene
    $600 23
Sir Isaac Newton

Paul
    $600 13
Kibbutz

Paul
    $600 18
Don Quixote

Scott
    $800 4
The Congo

Paul
    $800 9
Marion Barry

Paul
    $800 25
Johannes Kepler

Scott
    $800 28
[The end-of-round signal sounds.]

Ophelia

Paul
    $800 14
(S: What is the Dead Sea?)
(P: What is the Red Sea?)

Sea of Galilee

PaulMarleneScott
    $800 19
"Pilgrim's Progress"

Scott
    $1000 5
Pamplona

Paul
    $1000 10
Episcopal Church

Paul
    $1000 26
Edward Teller

Triple Stumper
    $1000 27
(S: What is the Joffrey Ballet?)

New York City Ballet

MarleneScott
    $1000 15
David Ben-Gurion

Paul
    $1,100 20
"The Tempest"

Scott

Scores at the end of the Double Jeopardy! Round:

Paul Marlene Scott
$9,200 $2,700 $3,000
(lock game)

[wagering suggestions for these scores]

Final Jeopardy! Round responses

U.S. GOVERNMENT
[William Rehnquist]
MarleneWhat is Cheif Justice of the Supreme Court
$2,699
ScottWhat is Chief Justice of the United States
$2,401
PaulWhat is Chief Justice of the United States Supreme Court?
$800
Chief Justice of the United States

Final scores:

Paul Marlene Scott
$8,400 $1 $5,401
2-day champion: $22,801 3rd place: DeLonghi Cappucino Machine 2nd place: Bush Home Theater Cabinet & RCA 32-inch TV

Game dynamics:

Coryat scores:

Paul Marlene Scott
$9,200 $3,700 $2,900
24 R,
5 W
13 R
(including 1 DD),
7 W
(including 1 DD)
11 R
(including 1 DD),
3 W

Combined Coryat: $15,800

[game clues] [game scores] [suggest correction]

Game tape date: 1996-11-06
The J! Archive is created by fans, for fans. Scraping, republication, monetization, and malicious use prohibited; this site may use cookies and collect identifying information. See terms. The Jeopardy! game show and all elements thereof, including but not limited to copyright and trademark thereto, are the property of Jeopardy Productions, Inc. and are protected under law. This website is not affiliated with, sponsored by, or operated by Jeopardy Productions, Inc. Join the discussion at JBoard.tv.